000 00497nam a2200145 4500
999 _c11006
_d11006
008 181003b ||||| |||| 00| 0 eng d
022 _a16565649
082 _aDPer 303.405 H22 June -Sept 2016 v.12 n. 7-10
100 _931942
_aYeo, kenny.
245 _aItalian flair, english brawn/
_cKenny Yeo.
260 _aQuezon City:
_bHardware Zone Phils. Corp.,
_c©June -Sept 2016.
300 _av12 n10, pages 24-25:
_billustrations;
_c28 cm.
650 0 _931943
_aAutomobiles
_xMotors.
942 _2ddc
_cPER